| 000 | 00418nam a2200157Ia 4500 | ||
|---|---|---|---|
| 008 | 210716s2006 xx 000 0 und d | ||
| 020 | _a8131401596 | ||
| 041 | _aeng | ||
| 082 | _a658.802 SREG | ||
| 100 | _aSreedhar, G V S. | ||
| 245 |
_aMarketing to women: an introduction. _bIntroduction. |
||
| 250 | _a1 | ||
| 260 |
_aHyderabad _bICFAI University Press _c2006 |
||
| 300 | _axii,208 | ||
| 700 | _aSreedhar, G V S. | ||
| 999 |
_c201553 _d201553 |
||